La petite illustration : avant l' oubli
Сохранить в:
| Главный автор: | |
|---|---|
| Формат: | |
| Язык: | Undetermined |
| Опубликовано: |
París, Francia
L' illustration
1936
|
| Предметы: | |
| Метки: |
Добавить метку
Нет меток, Требуется 1-ая метка записи!
|
MARC
| LEADER | 00000nam a2200000Ia 4500 | ||
|---|---|---|---|
| 008 | 170316s9999 xx 000 0 und d | ||
| 100 | |a Lavendan, Henri | ||
| 245 | |a La petite illustration : avant l' oubli | ||
| 260 | |a París, Francia | ||
| 260 | |b L' illustration | ||
| 260 | |c 1936 | ||
| 300 | |a 92 páginas Vol. 21 | ||
| 650 | |a REFERENCIA | ||
| 999 | |c 29949 |d 29949 | ||
| 040 | |a cru BVZT | ||
| 942 | |c 15 D |2 z | ||
